[Event "Madrid San Viator op-B 31st"]
[Site "Madrid"]
[Date "2019.09.29"]
[Round "3"]
[White "Rendo Quindos, Pedro"]
[Black "Medina Lucena, Emilio"]
[Result "0-1"]
[WhiteElo "1501"]
[BlackElo "1315"]
[PlyCount "98"]
[EventDate "2019.09.08"]
[EventType "swiss"]
[EventRounds "9"]
[EventCountry "ESP"]
[SourceTitle "EXT 2022"]
[Source "ChessBase"]
[SourceDate "2021.10.06"]
[SourceVersion "1"]
[SourceVersionDate "2021.10.06"]
[SourceQuality "1"]

1. d4 Nf6 2. Bf4 d6 3. h3 g6 4. Nf3 Bg7 5. e3 0-0 6. c4 Nbd7 7. Bd3 Re8 8. 0-0 e5 9. Bh2 e4 10. Be2 exf3 11. Bxf3 Nb6 12. Nd2 c6 13. a4 Be6 14. a5 Nxc4 15. b3 Nxa5 16. e4 d5 17. e5 Nd7 18. Be2 b6 19. b4 Nc4 20. Nxc4 dxc4 21. Qc2 b5 22. Ra6 Nb8 23. Ra5 Qxd4 24. Rd1 Qb6 25. Bf3 Rd8 26. Bf4 Rxd1+ 27. Qxd1 Nd7 28. Be3 Qc7 29. Ra6 Nxe5 30. g4 Nxf3+ 31. Qxf3 Bd5 32. Qd1 Be5 33. Qc2 Qb7 34. Ra5 a6 35. f4 Bc7 36. Ra3 Re8 37. Bc5 Bb6 38. f5 Bxc5+ 39. bxc5 Qe7 40. Qf2 Qe1+ 41. Qxe1 Rxe1+ 42. Kf2 Re8 43. f6 b4 44. Rxa6 b3 45. Ra7 b2 46. Rb7 c3 47. Re7 Rb8 48. Kg3 b1Q 49. Kh4 Qc1 0-1

[Event "Madrid San Viator op-B 31st"]
[Site "Madrid"]
[Date "2019.09.08"]
[Round "1"]
[White "Rendo Quindos, Pedro"]
[Black "Garcia Serrano, Alfredo"]
[Result "1-0"]
[WhiteElo "1501"]
[BlackElo "1034"]
[PlyCount "111"]
[EventDate "2019.09.08"]
[EventType "swiss"]
[EventRounds "9"]
[EventCountry "ESP"]
[SourceTitle "EXT 2022"]
[Source "ChessBase"]
[SourceDate "2021.10.06"]
[SourceVersion "1"]
[SourceVersionDate "2021.10.06"]
[SourceQuality "1"]

1. d4 e6 2. Nf3 g6 3. Bf4 Bg7 4. e3 b6 5. Bd3 Bb7 6. c4 Nf6 7. h3 Nc6 8. Nc3 Nb4 9. Be2 d6 10. Qa4+ Nc6 11. d5 exd5 12. cxd5 Qd7 13. dxc6 Qxc6 14. Qxc6+ Bxc6 15. Bb5 Bxb5 16. Nxb5 0-0 17. Nxc7 Rac8 18. Bxd6 Rfd8 19. Bg3 Ne4 20. Bh2 Nd6 21. Bxd6 Rxd6 22. Nb5 Rdc6 23. 0-0 Rc2 24. Nbd4 Bxd4 25. Nxd4 Rxb2 26. Rfb1 Rxb1+ 27. Rxb1 Rb8 28. a4 Rc8 29. Kf1 Rc4 30. Ra1 Rb4 31. Nc6 Rc4 32. Nxa7 h5 33. Nb5 Kg7 34. Nd4 f6 35. Ke2 g5 36. g3 Rb4 37. Ra2 Kg6 38. a5 bxa5 39. Rxa5 Rb2+ 40. Kf3 Rb1 41. Ra6 Rh1 42. Kg2 Rb1 43. g4 hxg4 44. hxg4 Rb7 45. Nf5 Rh7 46. f4 gxf4 47. exf4 Rc7 48. Kf3 Rc3+ 49. Ne3 Rc1 50. g5 Rh1 51. Rxf6+ Kg7 52. Nf5+ Kg8 53. Kg4 Rh7 54. Nh6+ Kg7 55. Rf7+ Kg6 56. f5# 1-0

[Event "Madrid San Viator op-B 29th"]
[Site "Madrid"]
[Date "2017.10.22"]
[Round "5"]
[White "Lopez Martin, Israel"]
[Black "Rendo Quindos, Pedro"]
[Result "0-1"]
[WhiteElo "1444"]
[BlackElo "1550"]
[PlyCount "52"]
[EventDate "2017.09.17"]
[EventType "swiss"]
[EventRounds "9"]
[EventCountry "ESP"]
[SourceTitle "EXT 2019"]
[Source "ChessBase"]
[SourceDate "2018.10.10"]
[SourceVersion "1"]
[SourceVersionDate "2018.10.10"]
[SourceQuality "1"]

1. e4 e5 2. Nf3 Nf6 3. Bc4 Nc6 4. d3 Be7 5. 0-0 0-0 6. Nbd2 d6 7. h3 Be6 8. Bxe6 fxe6 9. c3 Nh5 10. Nh2 Nf4 11. Ndf3 Qd7 12. Bxf4 exf4 13. d4 Rad8 14. h4 b6 15. g4 fxg3 16. fxg3 e5 17. g4 Rf4 18. Qe2 Rdf8 19. Rf2 exd4 20. cxd4 Bxh4 21. Nxh4 Rxf2 22. Qc4+ Kh8 23. Nf5 Rxb2 24. d5 Ne5 25. Qd4 Rxh2 26. Kxh2 Nf3+ 0-1

[Event "Madrid San Viator op-B 29th"]
[Site "Madrid"]
[Date "2017.10.01"]
[Round "3"]
[White "Jarne Anguita, Miguel"]
[Black "Rendo Quindos, Pedro"]
[Result "1-0"]
[WhiteElo "1436"]
[BlackElo "1550"]
[PlyCount "61"]
[EventDate "2017.09.17"]
[EventType "swiss"]
[EventRounds "9"]
[EventCountry "ESP"]
[SourceTitle "EXT 2019"]
[Source "ChessBase"]
[SourceDate "2018.10.10"]
[SourceVersion "1"]
[SourceVersionDate "2018.10.10"]
[SourceQuality "1"]

1. d4 Nf6 2. Nf3 g6 3. e3 Bg7 4. Bd3 0-0 5. 0-0 d6 6. b3 c5 7. Bb2 cxd4 8. Nxd4 Nc6 9. Nd2 e5 10. Nxc6 bxc6 11. c4 Re8 12. Ne4 Bb7 13. Qc2 Nxe4 14. Bxe4 f5 15. Bd3 e4 16. Be2 Qe7 17. Rfd1 d5 18. Rac1 Rac8 19. Bxg7 Qxg7 20. Qc3 Red8 21. Qb4 c5 22. Qa5 Ba8 23. cxd5 Rxd5 24. Bc4 Qe5 25. Bxd5+ Bxd5 26. Rxc5 Rxc5 27. Qxc5 Kg7 28. Qxd5 Qb8 29. Qd4+ Kh6 30. Qd8 Qb4 31. Qh4+ 1-0

[Event "Madrid San Viator op 23rd"]
[Site "Madrid"]
[Date "2014.11.02"]
[Round "6"]
[White "Rendo Quindos, Pedro"]
[Black "Garcia Ruido, Ricardo"]
[Result "0-1"]
[WhiteElo "1657"]
[BlackElo "2063"]
[PlyCount "158"]
[EventDate "2014.09.28"]
[EventType "swiss"]
[EventRounds "9"]
[EventCountry "ESP"]
[SourceTitle "EXT 2016"]
[Source "ChessBase"]
[SourceDate "2015.10.08"]
[SourceVersion "1"]
[SourceVersionDate "2015.10.08"]
[SourceQuality "1"]

1. d4 Nf6 2. Nf3 g6 3. c4 Bg7 4. Nc3 0-0 5. Bf4 d6 6. e3 Nbd7 7. h3 c6 8. Be2 Qc7 9. 0-0 Re8 10. Rc1 Nf8 11. Bd3 h6 12. Bh2 g5 13. Nd2 Ng6 14. Nde4 Nxe4 15. Nxe4 Qa5 16. a3 Bd7 17. Qc2 Nh4 18. f3 f5 19. Nd2 Rf8 20. Bg3 e5 21. Nb3 Qd8 22. Bxh4 gxh4 23. c5 d5 24. dxe5 Bxe5 25. Nd4 Qf6 26. f4 Bxd4 27. exd4 Qxd4+ 28. Kh1 Rae8 29. Rcd1 Qf6 30. Rfe1 Kh8 31. Qf2 Rg8 32. Rd2 Rxe1+ 33. Qxe1 b6 34. Qf2 Rb8 35. b4 Kh7 36. Qe3 Re8 37. Qf2 bxc5 38. Qxc5 Qg7 39. Rd1 Rg8 40. Qf2 Qg3 41. Qxg3 hxg3 42. Re1 Rg7 43. Kg1 Kg6 44. Re5 Kf6 45. Kf1 Be6 46. Ke2 h5 47. Kd2 h4 48. Kc3 Rf7 49. Kd4 Ke7 50. Re2 Kd6 51. Rc2 Rf8 52. a4 Rb8 53. b5 cxb5 54. Bxb5 Rb6 55. Ra2 a6 56. Be2 a5 57. Bb5 Rb7 58. Rc2 Rb6 59. Rc3 Bd7 60. Rc5 Bxb5 61. Rxd5+ Kc6 62. axb5+ Rxb5 63. Rd8 Rb2 64. Rc8+ Kb7 65. Rc5 Rxg2 66. Rxf5 Rh2 67. Rxa5 Rxh3 68. Rg5 Rh1 69. Ke3 Rf1 70. Rg4 h3 71. Rxg3 h2 72. Rg7+ Kc8 73. Rg8+ Kd7 74. Rg7+ Ke8 75. Rg8+ Kf7 76. Rh8 h1Q 77. Rxh1 Rxh1 78. Kf3 Kf6 79. Kg2 Ra1 0-1

[Event "Madrid San Viator op 23rd"]
[Site "Madrid"]
[Date "2014.10.12"]
[Round "3"]
[White "Del Noval Perez, Jeronimo"]
[Black "Rendo Quindos, Pedro"]
[Result "0-1"]
[WhiteElo "1448"]
[BlackElo "1657"]
[PlyCount "142"]
[EventDate "2014.09.28"]
[EventType "swiss"]
[EventRounds "9"]
[EventCountry "ESP"]
[SourceTitle "EXT 2016"]
[Source "ChessBase"]
[SourceDate "2015.10.08"]
[SourceVersion "1"]
[SourceVersionDate "2015.10.08"]
[SourceQuality "1"]

1. e4 c5 2. Nf3 Nc6 3. d4 cxd4 4. Nxd4 Nf6 5. Nc3 d6 6. Bg5 h6 7. Bh4 a6 8. Bc4 e6 9. 0-0 Be7 10. Re1 0-0 11. e5 Nxe5 12. Bb3 Nc6 13. Nxc6 bxc6 14. Qf3 d5 15. Rad1 Bb7 16. Ne2 Nh7 17. Bg3 Bd6 18. c3 Bxg3 19. Qxg3 Qg5 20. Qd3 c5 21. Bc2 g6 22. f4 Qe7 23. Ng3 Bc6 24. a4 c4 25. Qd4 Qa7 26. h4 Qxd4+ 27. Rxd4 Rab8 28. Rb1 h5 29. b3 cxb3 30. Rxb3 Rxb3 31. Bxb3 Rb8 32. Rb4 Rb7 33. Rxb7 Bxb7 34. a5 Nf6 35. Bd1 Nd7 36. Ne2 f6 37. Bc2 Kf7 38. g3 Nc5 39. Kf2 Bc6 40. Nd4 Bd7 41. Ke3 e5 42. fxe5 fxe5 43. Nf3 Kf6 44. Nd2 Ba4 45. Bb1 Nb7 46. Ba2 d4+ 47. cxd4 exd4+ 48. Kxd4 Nxa5 49. Nc4 Nxc4 50. Bxc4 Bb5 51. Bb3 a5 52. Bd1 a4 53. g4 hxg4 54. Bxg4 a3 55. Kc3 a2 56. Kb2 Bc4 57. Bf3 Ke5 58. h5 g5 59. h6 Kf6 60. h7 Kg7 61. Be4 g4 62. Bf5 g3 63. Be4 Bd3 64. Bd5 Bb1 65. Bg2 Kxh7 66. Ka1 Kh6 67. Kb2 Kg5 68. Ka1 Kf4 69. Kb2 Ke3 70. Bh3 Kf2 71. Ka1 Bf5 0-1

[Event "Madrid San Viator op 21st"]
[Site "Madrid"]
[Date "2013.11.03"]
[Round "7"]
[White "Perez Mondejar, Adler"]
[Black "Rendo Quindos, Pedro"]
[Result "0-1"]
[WhiteElo "1439"]
[BlackElo "1607"]
[PlyCount "80"]
[EventDate "2013.09.29"]
[EventType "swiss"]
[EventRounds "9"]
[EventCountry "ESP"]
[SourceTitle "EXT 2015"]
[Source "ChessBase"]
[SourceDate "2014.11.20"]
[SourceVersion "1"]
[SourceVersionDate "2014.11.20"]
[SourceQuality "1"]

1. e4 c5 2. c3 d6 3. d4 cxd4 4. cxd4 Nf6 5. Bd3 Nc6 6. Nf3 Bg4 7. Be3 g6 8. h3 Bd7 9. 0-0 Bg7 10. Nc3 0-0 11. Qd2 Nb4 12. a3 Nxd3 13. Qxd3 a6 14. Qc2 Rc8 15. Rac1 d5 16. e5 Ne4 17. Qd3 Bf5 18. Qe2 h5 19. Ng5 f6 20. Ngxe4 dxe4 21. exf6 Rxf6 22. g4 Bd7 23. Nxe4 Rf8 24. Rxc8 Qxc8 25. Rc1 Bb5 26. Rxc8 Bxe2 27. Rxf8+ Kxf8 28. g5 Bf3 29. Nc5 Kf7 30. h4 e5 31. dxe5 Bxe5 32. Bc1 Bd6 33. Na4 Ke6 34. Nc3 Kf5 35. Nb1 Kg4 36. Nd2 Bd5 37. Nf1 Kxh4 38. Ne3 Bc6 39. Nc4 Be7 40. Ne5 Be4 0-1

[Event "Madrid San Viator op 18th"]
[Site "Madrid"]
[Date "2012.06.03"]
[Round "9"]
[White "Rendo Quindos, Pedro"]
[Black "Garcia Carcedo, Jesus"]
[Result "0-1"]
[WhiteElo "1643"]
[BlackElo "1842"]
[PlyCount "104"]
[EventDate "2012.03.25"]
[EventType "swiss"]
[EventRounds "9"]
[EventCountry "ESP"]
[SourceTitle "EXT 2013"]
[Source "ChessBase"]
[SourceDate "2012.11.22"]
[SourceVersion "1"]
[SourceVersionDate "2012.11.22"]
[SourceQuality "1"]

1. d4 Nf6 2. Nf3 g6 3. c4 Bg7 4. Nc3 d6 5. e3 0-0 6. Be2 Nbd7 7. 0-0 Re8 8. Bd2 b6 9. a3 Bb7 10. Re1 e5 11. h3 exd4 12. Nxd4 Ne4 13. Nxe4 Bxe4 14. Bf3 Bxf3 15. Qxf3 Ne5 16. Qe2 c5 17. Nc2 d5 18. cxd5 Qxd5 19. Bc3 Qc4 20. Rad1 Qxe2 21. Rxe2 Rad8 22. Red2 Rxd2 23. Rxd2 Nc4 24. Rd7 Nxb2 25. Bxg7 Kxg7 26. Rxa7 Rd8 27. Kf1 Nc4 28. Ne1 Rd1 29. Ke2 Ra1 30. Nc2 Ra2 31. Kd3 b5 32. Rb7 Nxa3 33. Nxa3 Rxa3+ 34. Ke2 b4 35. Rb5 Rc3 36. Kd2 Kf6 37. f3 h5 38. g4 hxg4 39. hxg4 Ke5 40. Rb7 Ke6 41. f4 Ra3 42. Rb6+ Kd5 43. Rb7 Kc4 44. Rxf7 Ra2+ 45. Ke1 Kd3 46. f5 gxf5 47. gxf5 Kxe3 48. Kd1 Kd3 49. Rd7+ Kc3 50. f6 b3 51. Rc7 c4 52. Rb7 Rf2 0-1

[Event "Madrid San Viator op 18th"]
[Site "Madrid"]
[Date "2012.04.22"]
[Round "4"]
[White "Rendo Quindos, Pedro"]
[Black "Yaniz Lana, Francisco Javier"]
[Result "0-1"]
[WhiteElo "1643"]
[BlackElo "1664"]
[PlyCount "89"]
[EventDate "2012.03.25"]
[EventType "swiss"]
[EventRounds "9"]
[EventCountry "ESP"]
[SourceTitle "EXT 2013"]
[Source "ChessBase"]
[SourceDate "2012.11.22"]
[SourceVersion "1"]
[SourceVersionDate "2012.11.22"]
[SourceQuality "1"]

1. d4 Nf6 2. c4 c5 3. e3 g6 4. Nf3 Bg7 5. Be2 cxd4 6. exd4 0-0 7. 0-0 d5 8. cxd5 Nxd5 9. Nc3 Nc6 10. Nxd5 Qxd5 11. Be3 Rd8 12. Qc2 Bf5 13. Qc4 Nxd4 14. Nxd4 Bxd4 15. Bxd4 Qxc4 16. Bxc4 Rxd4 17. b3 Rad8 18. Rac1 a6 19. a4 Bd3 20. Rfe1 Bxc4 21. Rxc4 Rxc4 22. bxc4 Rd4 23. Rc1 Kf8 24. Kf1 Ke8 25. Ke2 Kd7 26. Rd1 Rxd1 27. Kxd1 f5 28. f4 h6 29. g3 g5 30. Ke2 Kd6 31. Ke3 b6 32. Kd4 g4 33. Kd3 Kc5 34. Kc3 a5 35. Kd3 Kb4 36. Kd4 Kxa4 37. Ke5 Kb4 38. Kxf5 a4 39. Ke6 a3 40. f5 a2 41. Kxe7 a1Q 42. f6 Qe5+ 43. Kf7 Kxc4 44. Kg7 Qg5+ 45. Kf7 0-1